Aspekty výsledku hospodárenia a reklasifikačných úprav pri prezentácii finančnej výkonnosti podniku

Výsledok hospodárenia ako dôležitý ukazovateľ finančnej výkonnosti podniku za dané účtovné obdobie. Koncepcie zisťovania výsledku hospodárenia. Koncepcia Revenue and expense approach - výnosovo-nákladový prístup. Koncepcia Asset and liability approach - majetkovo-záväzkový prístup. Výsledok hospodá...

Descrizione completa

Salvato in:
Dettagli Bibliografici
Autore principale: Kucková, Alena
Natura: Capitolo di libro
Lingua:slovacco
Soggetti:
Tags: Aggiungi Tag
Nessun Tag, puoi essere il primo ad aggiungerne!!

MARC

LEADER 00000nla$a2200000$$$4500
001 0111878
005 20240502072235.9
041 0 |a slo 
044 |a SK 
245 1 0 |a Aspekty výsledku hospodárenia a reklasifikačných úprav pri prezentácii finančnej výkonnosti podniku  |c Alena Kucková 
520 |a Výsledok hospodárenia ako dôležitý ukazovateľ finančnej výkonnosti podniku za dané účtovné obdobie. Koncepcie zisťovania výsledku hospodárenia. Koncepcia Revenue and expense approach - výnosovo-nákladový prístup. Koncepcia Asset and liability approach - majetkovo-záväzkový prístup. Výsledok hospodárenia podľa IFRS a jeho prezentácia v účtovnej závierke. Výkaz o komplexnom výsledku hospodárenia. Reklasifikačné úpravy. 
610 2 0 |a účtovníctvo 
610 2 0 |a výsledok hospodársky 
610 2 0 |a výkonnosť 
610 2 0 |a podnik 
610 2 0 |a výnosy 
610 2 0 |a záväzky 
610 2 0 |a majetok 
610 2 0 |a štandardy účtovné medzinárodné 
610 2 0 |a IFRS 
610 2 0 |a závierka účtovná 
100 1 |a Kucková, Alena